01011nam a2200325 u 450000100070000000500170000700800410002403500110006504000130007604100080008908000060009708000090010308200080011210000410012024501320016126000430029330000140033661000610035065000270041165000220043865000220046065000260048265000280050865000270053665100200056370000430058370000390062650200120066552600080067718329920260506080237.0980522s1998 ||||||m| spa  a183299 ccomduadb aspa aS aR/CD 4a36210aMerino Cadavid, Olga Lucia4auteaut10aPrevalencia de factores de riesgo psicosociales en el trabajo y salud mental en los funcionarios de la Universidad de Antioquia aMedellín :b[sin publicador],c1998. a183 hojas24aUniversidad de Antioquia.bPrograma de Regionalización aMedellín (Antioquia) aRiesgos laborales 7aSalud mental2dcs aRiesgos psicosociales 7aFactores de riesgo2dcs aTrabajo social laboral 7aColombia2embne10aPerez Builes, Martha Cecilia4auteaut10aVergara Munoz, Dioselina4auteaut b107c12 a108